| 000 | 00528nam a22002057a 4500 | ||
|---|---|---|---|
| 003 | OSt | ||
| 005 | 20140717152656.0 | ||
| 008 | 140717b xxu||||| |||| 00| 0 eng d | ||
| 020 | _a0340816678 | ||
| 040 | _cDNLM | ||
| 082 |
_aWQ100 O7p 2006 _bO |
||
| 100 |
_aEdited by Baker Philip _9697 |
||
| 245 | _aObstetrics by Ten Teachers | ||
| 250 | _a18th ed. | ||
| 260 |
_aLondon: _bBookpower, _c2006 |
||
| 300 |
_axii,340p; _bcol.ill: _c24.5cm |
||
| 504 | _aAppendices, index included | ||
| 650 |
_aObstetrics _95 |
||
| 942 |
_2z _cB_BANK |
||
| 999 |
_c253 _d253 |
||